[Event "Vitoria da Conquista IRT 6th"]
[Site "Vitoria da Conquista"]
[Date "2016.10.16"]
[Round "26"]
[White "Dos Santos, Ravilon Aguiar"]
[Black "De Almeida, Tiago Carvalho"]
[Result "1-0"]
[WhiteElo "1656"]
[BlackElo "1528"]
[PlyCount "83"]
[EventDate "2016.09.29"]
[EventType "tourn"]
[EventRounds "26"]
[EventCountry "BRA"]
[SourceTitle "EXT 2022"]
[Source "ChessBase"]
[SourceDate "2021.10.06"]
[SourceVersion "1"]
[SourceVersionDate "2021.10.06"]
[SourceQuality "1"]

1. d4 d5 2. c4 Bf5 3. Nf3 e6 4. Nc3 c6 5. g3 Nf6 6. Bg2 h6 7. 0-0 Nbd7 8. Re1 Bb4 9. Qb3 Bxc3 10. bxc3 Qb6 11. Ba3 Ne4 12. Rad1 0-0-0 13. cxd5 exd5 14. c4 Qxb3 15. axb3 Nb6 16. Ne5 Be6 17. Bxe4 dxe4 18. Bc5 f6 19. Ng6 Rhe8 20. Nf4 Bf5 21. Bxb6 axb6 22. e3 Kc7 23. d5 g5 24. Nh5 Rf8 25. Ng7 Bg4 26. Rd4 Rg8 27. Rxe4 Rxg7 28. Rxg4 cxd5 29. cxd5 Rxd5 30. Rc1+ Kb8 31. Rgc4 Rd8 32. b4 Rgd7 33. Kg2 Rd2 34. R1c2 Rxc2 35. Rxc2 Rd6 36. Kf3 Ka7 37. Ke4 b5 38. Kf5 Kb6 39. Kg6 Rc6 40. Rb2 f5+ 41. Kxf5 Rd6 42. e4 1-0

[Event "Vitoria da Conquista IRT 6th"]
[Site "Vitoria da Conquista"]
[Date "2016.10.16"]
[Round "25"]
[White "Lopes, Bernardo De Souza"]
[Black "Dos Santos, Ravilon Aguiar"]
[Result "0-1"]
[WhiteElo "1372"]
[BlackElo "1656"]
[PlyCount "100"]
[EventDate "2016.09.29"]
[EventType "tourn"]
[EventRounds "26"]
[EventCountry "BRA"]
[SourceTitle "EXT 2022"]
[Source "ChessBase"]
[SourceDate "2021.10.06"]
[SourceVersion "1"]
[SourceVersionDate "2021.10.06"]
[SourceQuality "1"]

1. d4 d5 2. e3 Nf6 3. Bd3 c5 4. c3 Nc6 5. f4 c4 6. Bc2 Bg4 7. Nf3 e6 8. Nbd2 Bd6 9. 0-0 0-0 10. Qe1 Bf5 11. e4 dxe4 12. Nxe4 b5 13. Nxd6 Qxd6 14. Bxf5 exf5 15. Ne5 Rfe8 16. Qf2 Ne4 17. Qf3 f6 18. Nxc6 Qxc6 19. Re1 a6 20. Be3 Qd5 21. Rad1 Ra7 22. Re2 Rae7 23. Rde1 g6 24. Bc1 Qb7 25. h3 Kg7 26. a3 h5 27. g4 hxg4 28. hxg4 fxg4 29. Qxg4 f5 30. Qg2 Kf6 31. Be3 Rh8 32. Bf2 Reh7 33. Rxe4 Rh1+ 34. Qxh1 Rxh1+ 35. Kxh1 fxe4 36. Re3 Kf5 37. Kg1 Kxf4 38. Rg3 Qc6 39. Kf1 a5 40. Ke2 Qe6 41. Re3 g5 42. Bg3+ Kf5 43. Kd2 Qh6 44. Be5 Qh1 45. Re2 Qa1 46. Rf2+ Kg4 47. Rg2+ Kf3 48. Rxg5 Qxb2+ 49. Kd1 Qb1+ 50. Kd2 e3# 0-1

[Event "Vitoria da Conquista IRT 6th"]
[Site "Vitoria da Conquista"]
[Date "2016.10.15"]
[Round "24"]
[White "Dos Santos, Ravilon Aguiar"]
[Black "De Souza, Rafael Santos"]
[Result "1-0"]
[WhiteElo "1656"]
[BlackElo "1631"]
[PlyCount "113"]
[EventDate "2016.09.29"]
[EventType "tourn"]
[EventRounds "26"]
[EventCountry "BRA"]
[SourceTitle "EXT 2022"]
[Source "ChessBase"]
[SourceDate "2021.10.06"]
[SourceVersion "1"]
[SourceVersionDate "2021.10.06"]
[SourceQuality "1"]

1. d4 c5 2. d5 Nf6 3. Nc3 g6 4. e4 d6 5. f4 Bg7 6. Nf3 0-0 7. h3 a6 8. a4 Nbd7 9. Be2 Rb8 10. 0-0 b5 11. axb5 axb5 12. e5 dxe5 13. fxe5 Nh5 14. e6 Ndf6 15. exf7+ Rxf7 16. Ng5 Rf8 17. Bxb5 Ng3 18. Rf3 Nf5 19. Bc4 Nd4 20. Rf1 h6 21. Ne6 Bxe6 22. dxe6 Rb4 23. b3 Nh5 24. Rxf8+ Qxf8 25. Bd2 Ng3 26. Qe1 Rxc4 27. bxc4 Nde2+ 28. Nxe2 Nxe2+ 29. Qxe2 Bd4+ 30. Be3 Bxa1 31. Bxc5 Qf4 32. Bf2 Be5 33. g3 Qf5 34. Kg2 Qxe6 35. Qe4 Kf7 36. c5 Qf6 37. c6 Bc7 38. c4 Qd6 39. Qd5+ Qxd5+ 40. cxd5 Bd6 41. Kf3 Bc7 42. Ke4 e6 43. g4 exd5+ 44. Kxd5 h5 45. Bc5 hxg4 46. hxg4 Kf6 47. Bd6 Kg5 48. Bxc7 Kxg4 49. Bd8 Kh3 50. c7 g5 51. c8Q+ g4 52. Qf5 Kg2 53. Ke4 Kh1 54. Qxg4 Kh2 55. Kf3 Kh1 56. Kf2 Kh2 57. Qh4# 1-0

[Event "Vitoria da Conquista IRT 6th"]
[Site "Vitoria da Conquista"]
[Date "2016.10.08"]
[Round "15"]
[White "Dos Santos, Ravilon Aguiar"]
[Black "Rocha, Luiz Eduardo Santos"]
[Result "1-0"]
[WhiteElo "1656"]
[BlackElo "1307"]
[PlyCount "61"]
[EventDate "2016.09.29"]
[EventType "tourn"]
[EventRounds "26"]
[EventCountry "BRA"]
[SourceTitle "EXT 2022"]
[Source "ChessBase"]
[SourceDate "2021.10.06"]
[SourceVersion "1"]
[SourceVersionDate "2021.10.06"]
[SourceQuality "1"]

1. g3 e5 2. Bg2 d6 3. d3 Nf6 4. Nf3 g6 5. 0-0 Bg7 6. c4 0-0 7. Nc3 c6 8. e4 h5 9. Bg5 Bg4 10. Qd2 Nbd7 11. Ne1 Qe8 12. h3 Be6 13. f4 Nh7 14. f5 gxf5 15. exf5 Nxg5 16. Qxg5 f6 17. Qh4 Bf7 18. g4 hxg4 19. hxg4 Rd8 20. Kf2 Nb6 21. Rh1 Bxc4 22. dxc4 Nxc4 23. Qh7+ Kf7 24. Qg6+ Kg8 25. Qh7+ Kf7 26. b3 Nb6 27. Nf3 Rg8 28. g5 e4 29. Nxe4 Qxe4 30. Rae1 Qxf5 31. Qxf5 1-0

[Event "Vitoria da Conquista IRT 6th"]
[Site "Vitoria da Conquista"]
[Date "2016.10.07"]
[Round "13"]
[White "De Almeida, Tiago Carvalho"]
[Black "Dos Santos, Ravilon Aguiar"]
[Result "0-1"]
[WhiteElo "1528"]
[BlackElo "1656"]
[PlyCount "110"]
[EventDate "2016.09.29"]
[EventType "tourn"]
[EventRounds "26"]
[EventCountry "BRA"]
[SourceTitle "EXT 2022"]
[Source "ChessBase"]
[SourceDate "2021.10.06"]
[SourceVersion "1"]
[SourceVersionDate "2021.10.06"]
[SourceQuality "1"]

1. d4 d5 2. c3 Bf5 3. g3 Nf6 4. Bg2 c6 5. Nf3 Nbd7 6. 0-0 e6 7. Re1 Be7 8. Nbd2 0-0 9. Nh4 Bg6 10. e4 dxe4 11. Nxe4 Rc8 12. Nxg6 hxg6 13. Nxf6+ Nxf6 14. Be3 b6 15. Qa4 Qd7 16. Bf4 Nd5 17. Bxd5 exd5 18. Re2 Bf6 19. Rae1 Qb7 20. Bd6 Rfd8 21. Be7 Re8 22. Bxf6 Rxe2 23. Rxe2 gxf6 24. Qb4 c5 25. dxc5 Rxc5 26. Qh4 Qc6 27. Re7 a5 28. Qh6 d4 29. Qd2 dxc3 30. bxc3 Rxc3 31. Re8+ Kg7 32. Re1 Rc2 33. Qe3 Rxa2 34. h4 Qc5 35. Qf3 Rc2 36. h5 Qxh5 37. Qe3 Qc5 38. Qf3 Rc1 39. Rxc1 Qxc1+ 40. Kh2 Qc5 41. Qb3 b5 42. Kg2 b4 43. g4 Qb5 44. g5 fxg5 45. Qb2+ f6 46. Qd2 a4 47. Qd6 Qb7+ 48. Kh2 b3 49. f4 gxf4 50. Qxf4 b2 51. Qd2 b1Q 52. Kg3 Q1b2 53. Kg4 Qxd2 54. Kh4 Qe4+ 55. Kg3 Qdg2# 0-1

[Event "Vitoria da Conquista IRT 6th"]
[Site "Vitoria da Conquista"]
[Date "2016.10.06"]
[Round "11"]
[White "De Souza, Rafael Santos"]
[Black "Dos Santos, Ravilon Aguiar"]
[Result "0-1"]
[WhiteElo "1631"]
[BlackElo "1656"]
[PlyCount "60"]
[EventDate "2016.09.29"]
[EventType "tourn"]
[EventRounds "26"]
[EventCountry "BRA"]
[SourceTitle "EXT 2022"]
[Source "ChessBase"]
[SourceDate "2021.10.06"]
[SourceVersion "1"]
[SourceVersionDate "2021.10.06"]
[SourceQuality "1"]

1. d4 d5 2. Nf3 Nf6 3. c4 dxc4 4. e3 b5 5. a4 c6 6. Ne5 e6 7. axb5 cxb5 8. b3 Bb4+ 9. Bd2 Bxd2+ 10. Nxd2 0-0 11. bxc4 bxc4 12. Ndxc4 Bb7 13. f3 Nc6 14. Nxc6 Bxc6 15. Ne5 Bb7 16. Bd3 Nd5 17. Bxh7+ Kxh7 18. Qb1+ Kg8 19. Qxb7 Nxe3 20. Nc6 Qh4+ 21. g3 Qh3 22. Kf2 Nf5 23. Rxa7 Rxa7 24. Qxa7 Nxg3 25. Ne7+ Kh8 26. Qa3 Nxh1+ 27. Kg1 Rb8 28. Qd3 Qh4 29. Nc6 Qf2+ 30. Kxh1 Rb2 0-1